Japan - Philippine relations

Сохранить в:
Библиографические подробности
Главный автор: Calica, Pio C.
Формат:
Язык:Undetermined
Опубликовано: Manila Publishers Bureau 1936
Предметы:
Метки: Добавить метку
Нет меток, Требуется 1-ая метка записи!
Thư viện lưu trữ: Trung tâm Học liệu Trường Đại học Cần Thơ
LEADER 00539nam a2200205Ia 4500
001 CTU_112193
008 210402s9999 xx 000 0 und d
082 |a 327.5209 
082 |b C153 
100 |a Calica, Pio C. 
245 0 |a Japan - Philippine relations 
245 0 |c Pio C. Calica 
260 |a Manila 
260 |b Publishers Bureau 
260 |c 1936 
650 |a Japan,Philippine 
650 |x Relations,Relations 
650 |z Philippine,Japan 
904 |i Năm 
980 |a Trung tâm Học liệu Trường Đại học Cần Thơ